| 000 | 00710 a2200169 4500 | ||
|---|---|---|---|
| 003 | Nust | ||
| 005 | 20230525104335.0 | ||
| 040 | _cNust | ||
| 082 | _a823, COL | ||
| 100 |
_aCole,Margaret _950636 |
||
| 245 |
_aThe Moonstone _cWilkie Collins |
||
| 260 |
_aLondon _bCollins and Glasgow |
||
| 300 | _a148:p | ||
| 505 | _aThe Storming Of The Seringgapatam (Page-19), The Loss Of Diomend (Page-25), The Discovery Of The Truth (Page-193), First Narrative (Page-193),Second Narrative (Page-259), Three Narrative(Page-282),Fourth Narrative(Page-377),Fifth Narrative (Page-410),Sixth Narrative (Page-426),Seventh Narrative (Page-436),Eight Narrative (Page-438). | ||
| 650 |
_aLiterature _96261 |
||
| 942 |
_2ddc _cBK |
||
| 999 |
_c186686 _d186686 |
||